| 000 | 00622pam a2200205 a 4500 | ||
|---|---|---|---|
| 020 | _a0256118841 | ||
| 020 | _a0256156107 (International ed.) | ||
| 040 | _cDLC | ||
| 082 | 0 | 0 | _a658 IRW 1994 A047 Or. |
| 100 | 1 | _aO'Brien, James A., | |
| 245 | 1 | 0 | _aIntroduction to information systems / |
| 250 | _a7th ed. | ||
| 260 |
_aBurr Ridge, Ill. : _bIrwin, _cc1994. |
||
| 300 |
_axxii, 483, 19, 8 p. : _bcol. ill. ; _c27 cm. |
||
| 500 | _aRev. ed. of : Introduction to information systems in business management. 6th ed. c1991. | ||
| 650 | 0 | _aBusiness | |
| 650 | 0 | _aManagement | |
| 700 | 1 | _aO'Brien, James A., | |
| 942 | _cEK | ||
| 999 |
_c13619 _d13619 |
||